| 000 | 00815nam a22002295i 4500 | ||
|---|---|---|---|
| 001 | 176497 | ||
| 003 | ES-MaACL | ||
| 005 | 20231227150149.0 | ||
| 008 | 110119s1961 sp a |||| | cat d | ||
| 080 | _a821.134.1.09 | ||
| 245 | 0 | 4 |
_aAls 75 anys del poema Canigó / _cA. Balasch ... [et al.]. |
| 260 |
_aSarrià (Barcelona) : _bEditorial Franciscana, _c1961. |
||
| 300 |
_a159 p. : _bil. bl. y n. ; _c18 cm. |
||
| 490 | 1 |
_aCritèrion. Col·lecció Ideològica ; _v7 |
|
| 546 | _aTexto en catalán. | ||
| 600 | 1 | 4 |
_aVerdaguer, Jacint, _d1845-1902 _9113998 |
| 650 | 4 |
_aLiteratura catalana- _xHistoria y crítica. _914515 |
|
| 700 | 0 |
_aBalasch y Torrell, Antonio. _924831 |
|
| 830 | 0 |
_aCritèrion. Col·lecció Ideològica ; _v7 _9190094 |
|
| 852 |
_aES-MaACL _jE-14099 _xOlim P-735 |
||
| 999 |
_c176497 _d176497 |
||